banner-ar

دراسة علمية وتطبيقية فى علاج وصيانة العملات الاثرية المعدنية / (Record no. 59766)

MARC details
000 -الفاتح
حقل البيانات ثابتة الطول 01053nam a22002297a 4500
005 - وقت وتاريخ اخر تعامل مع التسجيلة
رقم الضبط 20240530110335.0
008 - عناصر البيانات ثابتة الطول - معلومات عامة
حقل البيانات ثابتة الطول 140904b ua o|||f ||||o00| 0 ar d
017 ## - رقم الايداع القانونى
رقم الايداع القانونى 2008/24930
المصدر ( الهيئة المختصة) مصر . دار الكتب المصرية
020 ## - الرقم الدولى المعيارى للكتب
الرقم الدولى المعيارى للكتاب 9789774790201
040 ## - مصدر الفهرسة
وكالة الفهرسة الأصلية EG-CaGPL
082 04 - رقم تصنيف ديوى العشرى
رقم الطبعة 21
رقم التصنيف 737.4
رقم المادة م د
100 0# - المدخل الرئيسى - إسم شخصى
الإسم الشخصى محمد ابوالفتوح محمود غنيم
245 0# - بيان العنوان
العنوان دراسة علمية وتطبيقية فى علاج وصيانة العملات الاثرية المعدنية /
بيان المسئوليه,etc محمد ابوالفتوح محمود غنيم
300 ## - الوصف المادى
التعداد 383 ص :
تفاصيل ماديه اخرى للوعاء صور ؛
أبعاد الوعاء 24 سم
490 ## - بيان السلسلة
عنوان السلسلة نحو وعى حضارى معاصر سلسلة الثقافة الاثرية والتاريخية مشروع المائة كتاب
رقم المجلد/ التعيين التسلسلي 56
650 07 - المدخل الاضافى بالموضوع-مصطلح موضوعى
التقسيم الفرعي العام العملات الاثرية - صيانة
650 07 - المدخل الاضافى بالموضوع-مصطلح موضوعى
التقسيم الفرعي العام العملات الاثرية - تاريخ
653 04 - مصطلح تكشيفى غير مقيد
مصطلح غير مقيد العملات الاثرية - حماية
700 0# - المدخل الاضافى - اسم شخصى
الإسم الشخصى زاهى حواس
الدور مقدم
942 ## - عناصر المدخل الإضافي( كوها)
مصدر التصنيف او مخطط الترفيف Dewey Decimal Classification
Koha [default] item type كتاب
260 ## - PUBLICATION, DISTRIBUTION, ETC. (IMPRINT)
-- القاهرة :
-- المجلس الاعلى للاثار
Holdings
حالة التراجع حالة الفقد حالة تلف ليس للاعارة المكان المؤقت الموقع الحالى تاريخ الاكتساب اجمالي اﻻعارات رقم الطلب الباركود تاريخ اخر مشاهدة تاريخ تفعيل السعر نوع وعاء كوها
        مكتبة القاهرة الكبرى مكتبة القاهرة الكبرى 09/04/2014   737.4 م د 158686 09/04/2014 09/04/2014 كتاب

Powered By

EGPV